| 000 | 01009cam a2200253 4500 | ||
|---|---|---|---|
| 001 | ABS66746 | ||
| 008 | 030529n2003 000 0 eng u | ||
| 035 | _a(Sirsi) u122452 | ||
| 100 | _aClements, V. | ||
| 245 | _aCrossing over the Coignafearn divide | ||
| 260 | _c2003 | ||
| 490 |
_aLandowning in Scotland _v(274) April/May 2003, 15-17(3) |
||
| 520 | _aExamines the controversial policies at Coignafearn Estate where the sporting estate is being run on ecologically sustainable grounds in order to restore the local ecology. Opponents to the estate's management argue that these policies will cause aggravation and loss of jobs. Both sides of the debate are examined and alternative solutions are suggested. | ||
| 590 | _aABS | ||
| 650 | _aRED DEER | ||
| 650 | _aDEER MANAGEMENT | ||
| 650 | _aSPORTING ESTATES | ||
| 650 | _aESTATE MANAGEMENT | ||
| 650 | _aSUSTAINABLE MANAGEMENT | ||
| 650 | _aECOLOGY | ||
| 650 | _aNATURAL ENVIRONMENT | ||
| 690 | _aRURAL-NATURE CONSERVATION | ||
| 942 | _n0 | ||
| 999 |
_c72778 _d72778 |
||